| 000 | 00697nam a2200229 a 4500 | ||
|---|---|---|---|
| 999 |
_c2923 _d2923 |
||
| 001 | 2923 | ||
| 003 | BD-JhCC | ||
| 005 | 20221124134023.0 | ||
| 008 | 171108s2012 bg |||| |||| 000 0 ben d | ||
| 020 | _a9847015400088 | ||
| 035 | _a(BD-JhCC) 2923 | ||
| 040 |
_aBD-JhCC _dBD-JhCC |
||
| 041 | _aben | ||
| 082 |
_a891.443 _bTAG 2012 |
||
| 100 | _aঠাকুর, রবীন্দ্রনাথ | ||
| 245 |
_aযোগাযোগ / _c রবীন্দ্রনাথ ঠাকুর |
||
| 260 |
_aঢাকা : _bজয় প্রকাশন, _c২০১২. |
||
| 300 |
_a১৪৩ পৃ. : _c২১ সেমি. |
||
| 650 | _aBengali novel | ||
| 942 |
_2ddc _cBK _03 |
||